000 00790nam a22002417a 4500
005 20170124110224.0
010 _aB-225063
020 _c225.00
_a8125918809
035 _aB-225063
037 _bCen Lib/Ret
040 _aDPL
_bEN
082 _a651.374
_bKUC
100 _aKuchhal, M. C.
_914615
245 _aSecretarial practice :
_cby M C Kuchhal
_bunder the Companies Act, 1956 as amended by the companies (amendment) Act,2002 /
250 _a17th ed.
260 _aNew Delhi
_bVikas Publishing House
_c2007
270 _a576, Masjid Road, Jangpura
_bNew Delhi
_e110014
300 _axxiv, 644p.
_c21cm(pbk)
500 _aIncludes index
650 _aCorporation law
_915472
650 _aCorporation secretaries
_919094
942 _2ddc
_cEN
_h651.374
_mKUC
999 _c134300
_d134300